000 00637nam a2200181Ia 4500
008 090124s9999 xx 000 0 und d
082 _b38918
100 _aसुर्वे नाराय़ण
245 _a नव्या माणसाचे आगमन
250 _a1
260 _bपॉप्य़ुलर प्रकाशन
_c1995
300 _a66
600 _aसुर्वे नाराय़ण
630 _a नव्या माणसाचे आगमन
700 _aसुर्वे नाराय़ण
730 _a नव्या माणसाचे आगमन
942 _cBOOK
999 _c104905
_d104905